000 00466nam a2200193Ia 4500
003 0100
008 130303s9999 xx 000 0 und d
040 _cARRUPELIB
050 _aGN486.P37 1986
100 _aPenwill, D.J
245 _aKamba customary law
245 _bNotes taken in the Machakos district of Kenya colony
260 _aNairobi
260 _bKenya Literature Bureau
260 _C1986
300 _a122p
650 _bCommunism
942 0 0 _02
999 _c22822
_d22822